[Event "Brantford Leo McMahon"]
[Site "Brantford"]
[Date "2016.02.25"]
[Round "4"]
[White "Nurmi, Kari"]
[Black "Vlasov, John"]
[Result "1-0"]
[WhiteElo "1772"]
[BlackElo "1848"]
[PlyCount "82"]
[EventDate "2016.02.04"]
[EventType "swiss"]
[EventRounds "4"]
[EventCountry "CAN"]
[SourceTitle "EXT 2022"]
[Source "ChessBase"]
[SourceDate "2021.10.06"]
[SourceVersion "1"]
[SourceVersionDate "2021.10.06"]
[SourceQuality "1"]

1. c4 c5 2. Nc3 Nf6 3. e4 d6 4. f4 Nc6 5. Nf3 Bg4 6. Be2 e6 7. h3 Bxf3 8. Bxf3 Qc7 9. d3 a6 10. 0-0 Be7 11. a3 0-0 12. Rb1 Rab8 13. b4 cxb4 14. axb4 Nd4 15. b5 Rfd8 16. Be3 Nxf3+ 17. Qxf3 d5 18. exd5 exd5 19. Nxd5 Nxd5 20. cxd5 Qd6 21. bxa6 Qxa6 22. Rb3 h6 23. Bb6 Rdc8 24. Rfb1 Rc2 25. Bd4 b5 26. Be5 Bd6 27. Bxd6 Qxd6 28. Rxb5 Rxb5 29. Rxb5 Rc1+ 30. Kh2 g5 31. Qe3 Rc8 32. Qe5 Qg6 33. Rb8 Rxb8 34. Qxb8+ Kh7 35. d4 g4 36. f5 Qg5 37. Qe5 gxh3 38. Qe4 hxg2 39. f6+ Kh8 40. Qe8+ Qg8 41. Qxg8+ Kxg8 1-0

[Event "Brantford McMahon op"]
[Site "Brantford"]
[Date "2010.01.28"]
[Round "2"]
[White "Nurmi, Kari"]
[Black "Hendon, Lee"]
[Result "1-0"]
[WhiteElo "1850"]
[BlackElo "1688"]
[PlyCount "49"]
[EventDate "2010.01.21"]
[EventType "swiss"]
[EventRounds "5"]
[EventCountry "CAN"]
[SourceTitle "EXT 2011"]
[Source "ChessBase"]
[SourceDate "2010.11.26"]
[SourceVersion "1"]
[SourceVersionDate "2010.11.26"]
[SourceQuality "1"]

1. c4 e5 2. Nc3 Nf6 3. g3 d5 4. cxd5 Nxd5 5. Bg2 Nb6 6. Nf3 Nc6 7. a3 Be6 8. 0-0 a5 9. b3 Qd7 10. Bb2 Be7 11. Ne4 f6 12. Rc1 Qd5 13. Nxe5 Qxb3 14. Qxb3 Bxb3 15. Nxc6 bxc6 16. Rxc6 Nc4 17. Nc5 Bxc5 18. Rxc5 Rb8 19. Bc3 a4 20. Bc6+ Ke7 21. Bb4 Rxb4 22. axb4 a3 23. Ra1 a2 24. d3 Rd8 25. dxc4 1-0